| 000 | 00000nam##2200000za#4500 |
| 001 | 9.583335 |
| 003 | CaOODSP |
| 005 | 20210624192541 |
| 007 | cr ||||||||||| |
| 008 | 150406|2009||||xxc|||||o f|0| 0 eng|d |
| 020 | |a978-0-662-06255-4 |
| 022 | |a1915-8858 |
| 040 | |aCaOODSP|beng |
| 041 | |aeng |
| 041 | |afre |
| 043 | |an-cn--- |
| 086 | 1 |aM116-2/041P11-PDF |
| 110 | 1 |aCanada.|bNatural Resources Canada. |bCentre for Topographic Information. |
| 245 | 10|aShinning Tree, Ontario |h[electronic resource] |
| 250 | |aEd. 04, version 00 |
| 255 | |aScale 1:50,000 |
| 260 | |aOttawa - Ontario : |bNatural Resources Canada. |c2009. |
| 300 | |a1p.|bcoloured map |
| 490 | 1 |aCanadian topographic maps |x1915-8858|v41-P/11 |
| 500 | |aSeries A751. Includes a legend. |
| 590 | |a11-03-Supp|b2011-02-16 |
| 776 | 0#|tShining Tree, Ontario |w(CaOODSP)9.547161 |
| 792 | |tShinning Tree, Ontario |efre|w(CaOODSP)9.583336 |
| 830 | #0|aCanadian topographic maps,|x1915-8858|v41-P/11|w(CaOODSP)9.500293 |
| 856 | 40|ahttp://publications.gc.ca|qPDF|s4485 KB|uhttps://publications.gc.ca/collections/collection_2010/nrcan/topo/M116-2-041P11.pdf|y41-P/11 |